| 000 | 00543ntaaa2200205 4500 | ||
|---|---|---|---|
| 003 | 01 | ||
| 005 | 20251027201453.0 | ||
| 008 | 0714s1973 ag 01 | ||
| 020 | _a0900164506 | ||
| 040 |
_aAR-BaBN _bspa _cAR-BaBN _eaacr _dRIC |
||
| 082 | _a226.5000 M22s | ||
| 100 |
_aMacLehose, Alec _913295 |
||
| 245 | _aA Study in St. John's Gospel | ||
| 250 | _a1 ed. | ||
| 260 |
_aLondon : _bThe Bible Reading Fellowship, _c1980 |
||
| 300 |
_a88 p. ; _c19 cm. |
||
| 500 | _a(BRF Book Club, no. 5) | ||
| 650 | _aBiblia-Nuevo Testamento-Juan | ||
| 942 | _cBK | ||
| 999 |
_c9256 _d9256 |
||